| 000 | 00333 a2200133 4500 | ||
|---|---|---|---|
| 999 |
_c324913 _d324913 |
||
| 001 | 89840 | ||
| 003 | NUST | ||
| 082 | _a372.21 FIR | ||
| 100 |
_aFirst Book _99858 |
||
| 245 |
_aMy very first book of emergency _bEmergency |
||
| 260 |
_aUK _bMake Believe Ideas Limited _c2011 |
||
| 300 | _a13p. | ||
| 500 | _aGeneral Books | ||
| 942 |
_aCAE NUST _cBK _k372.21 FIR _2ddc |
||